<The> Causes of deflation and some selected problems in japanese economy

Vplyv deflácie na vybraných problémoch japonskej ekonomiky. Sprievodné efekty súvisiace s defláciou. Problém nadmerného rastu verejného dlhu v Japonsku. Postoj hospodársko-politických autorít k tejto situácii a možné nástroje na jej odstránenie alebo aspoň minimalizáciu.

Saved in:
Bibliographic Details
Main Author: Slaný, Martin
Other Authors: Sudo, Koji
Format: Book Chapter
Language:English
Subjects:
Tags: Add Tag
No Tags, Be the first to tag this record!

MARC

LEADER 00000naa$a2200000$$$4500
001 0052219
005 20231107114805.1
041 0 |a eng 
044 |a CZ 
245 1 0 |a <The> Causes of deflation and some selected problems in japanese economy  |c Martin Slaný, Koji Sudo 
520 |a Vplyv deflácie na vybraných problémoch japonskej ekonomiky. Sprievodné efekty súvisiace s defláciou. Problém nadmerného rastu verejného dlhu v Japonsku. Postoj hospodársko-politických autorít k tejto situácii a možné nástroje na jej odstránenie alebo aspoň minimalizáciu. 
610 2 0 |a deflácia 
610 2 0 |a Japonsko 
610 2 0 |a produkt domáci hrubý 
610 2 0 |a recesia 
610 2 0 |a indexy cenové 
610 2 0 |a rating 
610 2 0 |a modely ekonometrické 
610 2 0 |a politika hospodárska 
100 1 |a Slaný, Martin 
700 1 |a Sudo, Koji